<?xml version="1.0" encoding="UTF-8"?>
<record
    xmlns:xsi="http://www.w3.org/2001/XMLSchema-instance"
    xsi:schemaLocation="http://www.loc.gov/MARC21/slim http://www.loc.gov/standards/marcxml/schema/MARC21slim.xsd"
    xmlns="http://www.loc.gov/MARC21/slim">

  <leader>00634nam a22001937a 4500</leader>
  <controlfield tag="005">20230912162825.0</controlfield>
  <datafield tag="010" ind1=" " ind2=" ">
    <subfield code="a">E.N.A./7.11.22    ENG-137901</subfield>
  </datafield>
  <datafield tag="020" ind1=" " ind2=" ">
    <subfield code="a">9789390113644</subfield>
    <subfield code="c">650.00</subfield>
  </datafield>
  <datafield tag="035" ind1=" " ind2=" ">
    <subfield code="a">EN-121433</subfield>
  </datafield>
  <datafield tag="037" ind1=" " ind2=" ">
    <subfield code="b">Pragti</subfield>
  </datafield>
  <datafield tag="082" ind1=" " ind2=" ">
    <subfield code="a">954</subfield>
  </datafield>
  <datafield tag="100" ind1=" " ind2=" ">
    <subfield code="a">Dahiya, Poonam Dalal </subfield>
    <subfield code="9">56487</subfield>
  </datafield>
  <datafield tag="245" ind1=" " ind2=" ">
    <subfield code="a">Ancient and Medieval India:</subfield>
    <subfield code="b">for UPSC and state civil services examinations /</subfield>
    <subfield code="c">by Poonam Dalal Dahiya</subfield>
  </datafield>
  <datafield tag="250" ind1=" " ind2=" ">
    <subfield code="a">2nd ed</subfield>
  </datafield>
  <datafield tag="260" ind1=" " ind2=" ">
    <subfield code="a">Chennai</subfield>
    <subfield code="b">Mc Graw Hill</subfield>
    <subfield code="c">2022</subfield>
  </datafield>
  <datafield tag="270" ind1=" " ind2=" ">
    <subfield code="a">5/90A, Butt Road, St. Thomas Mount</subfield>
    <subfield code="b">Chennai</subfield>
    <subfield code="e">600116</subfield>
  </datafield>
  <datafield tag="300" ind1=" " ind2=" ">
    <subfield code="a">vp.</subfield>
    <subfield code="c">24cm(pbk)</subfield>
    <subfield code="b">ill , maps</subfield>
  </datafield>
  <datafield tag="942" ind1=" " ind2=" ">
    <subfield code="2">ddc</subfield>
    <subfield code="c">EN</subfield>
    <subfield code="m">DAH</subfield>
    <subfield code="h">954</subfield>
  </datafield>
  <datafield tag="999" ind1=" " ind2=" ">
    <subfield code="c">193753</subfield>
    <subfield code="d">193753</subfield>
  </datafield>
  <datafield tag="952" ind1=" " ind2=" ">
    <subfield code="0">0</subfield>
    <subfield code="1">0</subfield>
    <subfield code="4">0</subfield>
    <subfield code="7">0</subfield>
    <subfield code="8">NFIC</subfield>
    <subfield code="a">VP</subfield>
    <subfield code="b">VP</subfield>
    <subfield code="d">2023-08-28</subfield>
    <subfield code="e">DBAD/PUB</subfield>
    <subfield code="g">650.00</subfield>
    <subfield code="l">1</subfield>
    <subfield code="o">DAH 954</subfield>
    <subfield code="p">EN-121433</subfield>
    <subfield code="r">2024-04-12 00:00:00</subfield>
    <subfield code="s">2024-03-30</subfield>
    <subfield code="t">1</subfield>
    <subfield code="v">650.00</subfield>
    <subfield code="w">2023-08-28</subfield>
    <subfield code="y">EN</subfield>
  </datafield>
</record>
